Devine les légendes du tennis - Statistiques

Statistiques générales
  • Ce quiz a été pris 101 fois
  • Le résultat moyen est 4 sur 7
Statistiques - réponses
Joueur Surnom % Correct
J’ai remporté Roland-Garros 13 fois. Rafael Nadal
100%
J’ai été le seul à battre Rafael Nadal en finale à Roland-Garros. Novak Djokovic
90%
Je suis la seule joueuse à avoir gagné Roland-Garros enceinte. Serena Williams
84%
Je suis le seul joueur à avoir remporté un Golden Slam (les 4 Grands Chelems + l’or olympique la même année). Steffi Graf
51%
J’ai gagné Wimbledon 7 fois et je suis connu pour mon service dévastateur. Pete Sampras
49%
Je suis la plus jeune joueuse à avoir remporté Wimbledon à 15 ans. Martina Hingis
26%
J’ai gagné 24 titres du Grand Chelem, un record toujours inégalé. (Femme) Margaret Court
21%
Aucun quiz correspondant
Distribution des résultats
% des personnes avec chaque résultat
Percentile par nombre de réponses
Votre historique - résultats
Vous n’avez pas pris ce quiz